| 000 | 00552cam a2200193 a 4500 | ||
|---|---|---|---|
| 001 | 000008673 | ||
| 005 | 20200929161400.0 | ||
| 008 | 921007s1994 sp 000 1 spa d | ||
| 020 | _a8432245674 | ||
| 040 |
_aDO-SdBNP _bspa _cBNPHU |
||
| 082 |
_a863.64 _bM971b, 1994 |
||
| 100 | 1 |
_aMuñoz Molina, Antonio, _d1956- _915035 |
|
| 245 | 1 | 0 |
_aBeatus Ille / _cAntonio Muñoz Molina. |
| 250 | _a8va ed. | ||
| 260 |
_aBarcelona : _bSeix Barral, _c1994. |
||
| 300 |
_a281 p. ; _c20 cm. |
||
| 650 | 4 |
_aNovela española _91123 |
|
| 650 | 4 |
_aLiteratura española _9632 |
|
| 999 |
_c8443 _d8443 |
||